<?xml version="1.0" encoding="UTF-8"?>
<record
    xmlns:xsi="http://www.w3.org/2001/XMLSchema-instance"
    xsi:schemaLocation="http://www.loc.gov/MARC21/slim http://www.loc.gov/standards/marcxml/schema/MARC21slim.xsd"
    xmlns="http://www.loc.gov/MARC21/slim">

  <leader>00277cam a22001095i 4500</leader>
  <datafield tag="020" ind1=" " ind2=" ">
    <subfield code="a">9789264224070</subfield>
  </datafield>
  <datafield tag="040" ind1=" " ind2=" ">
    <subfield code="c">DLC</subfield>
  </datafield>
  <datafield tag="082" ind1=" " ind2=" ">
    <subfield code="a">338 OEDC 2014 A117 Or.</subfield>
  </datafield>
  <datafield tag="245" ind1="0" ind2="0">
    <subfield code="a">Towards green growth in Southeast Asia :</subfield>
    <subfield code="b">OECD green growth studies.</subfield>
  </datafield>
  <datafield tag="300" ind1=" " ind2=" ">
    <subfield code="a">185 pages</subfield>
  </datafield>
  <datafield tag="942" ind1=" " ind2=" ">
    <subfield code="c">AEDBB</subfield>
  </datafield>
  <datafield tag="999" ind1=" " ind2=" ">
    <subfield code="c">17557</subfield>
    <subfield code="d">17557</subfield>
  </datafield>
  <datafield tag="952" ind1=" " ind2=" ">
    <subfield code="0">0</subfield>
    <subfield code="1">0</subfield>
    <subfield code="4">0</subfield>
    <subfield code="6">338_000000000000000_OEDC_2014_A117_OR</subfield>
    <subfield code="7">0</subfield>
    <subfield code="9">76107</subfield>
    <subfield code="a">LBA</subfield>
    <subfield code="b">LBA</subfield>
    <subfield code="c">A117</subfield>
    <subfield code="d">2018-12-12</subfield>
    <subfield code="o">338 OEDC 2014 A117 Or.</subfield>
    <subfield code="p">A40522</subfield>
    <subfield code="r">2018-12-12</subfield>
    <subfield code="w">2018-12-12</subfield>
    <subfield code="y">EK</subfield>
  </datafield>
</record>
